| 000 | 01195cam a22003498i 4500 | ||
|---|---|---|---|
| 001 | 20820927 | ||
| 003 | OSt | ||
| 005 | 20231004132615.0 | ||
| 008 | 190124s2020 nyu b 000 0 eng | ||
| 010 | _a 2019003447 | ||
| 020 | _a9780135404676 | ||
| 020 | _a0135404673 | ||
| 040 |
_aDLC _beng _erda _cDLC |
||
| 042 | _apcc | ||
| 050 | 0 | 0 |
_aQA76.73.P98 _bD45 2020 |
| 082 | 0 | 0 |
_a005.133 _bDEI/I |
| 100 | 1 |
_aDeitel, Paul J. _eauthor. _99206 |
|
| 245 | 1 | 0 |
_aIntro to Python for the computer and data sciences : learning to program with AI, big data and the cloud / _cby Paul Deitel and Harvey Deitel. |
| 250 | _a1st edition. | ||
| 263 | _a1906 | ||
| 264 | 1 |
_aNew York : _bPearson Education, Inc., _c[2020] |
|
| 300 | _a831 pages | ||
| 336 |
_atext _btxt _2rdacontent |
||
| 337 |
_aunmediated _bn _2rdamedia |
||
| 338 |
_avolume _bnc _2rdacarrier |
||
| 504 | _aIncludes bibliographical references. | ||
| 650 | 0 | _aPython (Computer program language) | |
| 700 | 1 |
_aDietal, Harvey, _eauthor. |
|
| 906 |
_a7 _bcbc _corignew _d1 _eecip _f20 _gy-gencatlg |
||
| 942 |
_2ddc _cBK _h005.133 _iDEI/I _k005.133 _mDEI/I |
||
| 999 |
_c42317 _d42317 |
||